|
|
|
|
| LEADER |
00000cam a2200000 7i4500 |
| 001 |
0000005900 |
| 005 |
20111020.0 |
| 040 |
|
|
|a INS
|
| 090 |
0 |
0 |
|a VCD 320
|
| 245 |
0 |
0 |
|a Penutupan rasmi Kursus penilaian Pentadbir Tanah Daerah dan kursus lanjutan juruteknik penilaian [
|h cakera video]
|c di rasmikan oleh Tuan Haji Muhammad Nawawi :
|b 9 November 1985
|
| 260 |
|
|
|a Bangi :
|b Institut Penilaian Negara ,
|c 1985
|
| 300 |
|
|
|a 1 cakera video (22 min.) :
|b by., wrn. ;
|c 4 3/4 in.
|
| 500 |
|
|
|a Juga terdapat dalam fromat vhs : VHS 35
|
| 650 |
|
0 |
|a Valuation
|
| 710 |
1 |
|
|a Institut Penilaian Negara
|
| 999 |
|
|
|a VCD0000320
|b VIDEO CD
|c Media Collection
|e Default branch
|